Family Feud #11 - Statistics

General Stats
  • This quiz has been taken 21 times
  • The average score is 2 of 5
Answer Stats
Hint Answer % Correct
27 Pizza
95%
8 Pasta/ Ramen Noodle
65%
12 Ice Cream
35%
7 Seafood/ Sushi
25%
8 Fruit
15%
No matching quizzes found
Score Distribution
Percent of People with Each Score
Percentile by Number Answered
Your Score History
You have not taken this quiz